00253 a2200109 4500001000700000020000600007040001100013100002100024240004700045245004200092362000900134173814 a  cMagnum aMokarzel, Marisa10aO caminhao magico de chico beija-florlpor10aO caminhao magico de chico beija-flor0 a1899